<?xml version="1.0" encoding="UTF-8"?>
<marc:record xmlns:marc="http://www.loc.gov/MARC21/slim">
   <marc:leader>00000nam a2200000 a 4500</marc:leader>
   <marc:datafield ind1="0" ind2="0" tag="245">
      <marc:subfield code="a">Die Knallerbsenbande[1].  Knallerbsenbande</marc:subfield>
   </marc:datafield>
   <marc:datafield ind1=" " ind2="1" tag="264">
      <marc:subfield code="a">Reinbek</marc:subfield>
      <marc:subfield code="b">Carlsen</marc:subfield>
   </marc:datafield>
   <marc:datafield ind1="1" ind2=" " tag="490">
      <marc:subfield code="a">Die Knallerbsenbande</marc:subfield>
   </marc:datafield>
   <marc:datafield ind1="1" ind2=" " tag="520">
      <marc:subfield code="a">Als in ihrem Ort ein Jäger verschwindet, sind sie sofort zur Stelle. Aber warum liegen jetzt auch noch geklaute Elektrogeräte im Wald? Was hat der fiese Herr Henk damit zu tun? Und hängt Mattis Bruder Gero etwa auch mit drin? Das ist ihnen jetzt fast etwas zu aufregend, aber am Ende stirbt doch keiner und sie sind sogar die Helden des Ortes.</marc:subfield>
   </marc:datafield>
   <marc:datafield ind1=" " ind2=" " tag="020">
      <marc:subfield code="a">9783551556608</marc:subfield>
      <marc:subfield code="9">9783551556608</marc:subfield>
   </marc:datafield>
   <marc:datafield ind1=" " ind2=" " tag="020">
      <marc:subfield code="a">3551556601</marc:subfield>
      <marc:subfield code="9">3551556601</marc:subfield>
   </marc:datafield>
   <marc:datafield ind1=" " ind2=" " tag="041">
      <marc:subfield code="a">ger</marc:subfield>
   </marc:datafield>
   <marc:datafield ind1=" " ind2=" " tag="338">
      <marc:subfield code="a">Band</marc:subfield>
   </marc:datafield>
   <marc:datafield ind1=" " ind2=" " tag="300">
      <marc:subfield code="a">96 S. : Ill.</marc:subfield>
   </marc:datafield>
</marc:record>
